| 000 | 00684 a2200181 4500 | ||
|---|---|---|---|
| 999 |
_c7482 _d7482 |
||
| 020 | _a0471703249 | ||
| 050 | 0 | 0 | _aHF 5386 SCZ 2005 |
| 100 | 1 |
_aSzczurek, Theresa M., _eauthor |
|
| 245 | 1 | 0 |
_aPursuit of passionate purpose : _bsuccess strategies for a rewarding personal and business life / _cTheresa M. Szczurek |
| 264 |
_aU.S.A. : _bJohn Wiley and Sons Inc, _c2005 |
||
| 300 |
_axiv, 284 p. : _bill. |
||
| 500 | _aIncludes bibliographical references and index | ||
| 504 | _aIncludes bibliographical references and index | ||
| 650 | 0 | _aSuccess in business. | |
| 650 | 0 |
_aSuccess _xPsychological aspects. |
|
| 650 | 0 | _aSelf-actualization (Psychology) | |
| 942 |
_2lcc _cBK _h5386 _iSCZ _kHF |
||